Java database programming

Bibliographic Details
Main Author: Jepson, Brian (Author)
Format: Book
Published: New York : John Wiley , c1997
Subjects:

MARC

LEADER 00000cam a2200000 7i4500
001 0000033639
005 20070315093000.0
020 |a 0471165182 
090 0 0 |a QA76.73.J38   |b J47 1996 
100 0 |a Jepson, Brian ,   |e author 
245 0 0 |a Java database programming   |c Brian Jepson 
260 2 |a New York :   |b John Wiley ,   |c c1997 
300 |a x, 485 p. ;   |c 24 cm. 
504 |a Includes bibliographical references and index 
650 0 |a Database design 
650 0 |a Java (Computer program language) 
999 |a 1000067175   |b Book   |c OPEN SHELF (30 DAYS)   |e Gong Badak Campus